Java Collections Framework (E-Book) (Record no. 192904)

000 -LEADER
fixed length control field 00597 a2200181 4500
003 - CONTROL NUMBER IDENTIFIER
control field Nust
005 - DATE AND TIME OF LATEST TRANSACTION
control field 20170207154046.0
020 ## - INTERNATIONAL STANDARD BOOK NUMBER
International Standard Book Number 1-893115-92-5
040 ## - CATALOGING SOURCE
Transcribing agency Nust
100 1# - MAIN ENTRY--PERSONAL NAME
Personal name Zukowski, John
245 00 - TITLE STATEMENT
Title Java Collections Framework (E-Book)
Statement of responsibility, etc. John Zukowski
260 ## - PUBLICATION, DISTRIBUTION, ETC.
Place of publication, distribution, etc. Berkeley, Calif. :
Name of publisher, distributor, etc. Apress,
Date of publication, distribution, etc. cop. 2001
300 ## - PHYSICAL DESCRIPTION
Extent x, 422 s.
505 ## - FORMATTED CONTENTS NOTE
Formatted contents note Part I: The Historical Collection Classes Part II: The Collections Framework Part III: Alternative Collection Libraries
650 #7 - SUBJECT ADDED ENTRY--TOPICAL TERM
Topical term or geographic name entry element Java (Computer program language)
650 #7 - SUBJECT ADDED ENTRY--TOPICAL TERM
Topical term or geographic name entry element Java (Computer program language)
650 #7 - SUBJECT ADDED ENTRY--TOPICAL TERM
Topical term or geographic name entry element JAVA (programsprå«©
942 ## - ADDED ENTRY ELEMENTS (KOHA)
Source of classification or shelving scheme
Koha item type Book
Holdings
Withdrawn status Lost status Source of classification or shelving scheme Damaged status Not for loan Collection code Permanent Location Current Location Date acquired Total Checkouts Full call number Barcode Date last seen Price effective from Koha item type
            Military College of Signals (MCS) Military College of Signals (MCS) 12/12/2016   005.133 DIC MCSEB-1931 12/08/2016 12/12/2016 Book
© 2023 Central Library, National University of Sciences and Technology. All Rights Reserved.